000
00307nam a22001457a 4500
008
210511b ||||| |||| 00| 0 eng d
020
_a
9780738079837
041
_a
eng
080
_a
573
082
_a
573
100
_a
11
101
_a
BIO
245
_a
Biology 2020 Laboratory
_c
HM,
942
_2
udc
_c
BK
999
_c
57180
_d
57180